| 000 | 00826nam a2200205 i 4500 | ||
|---|---|---|---|
| 001 | 97187 | ||
| 003 | ES-MaACL | ||
| 005 | 20250831122018.0 | ||
| 007 | t| | ||
| 008 | 050707m19661977sp ||||1| spa d | ||
| 100 | 1 |
_aMarañón, Gregorio, _d1887-1960 _976311 |
|
| 245 | 1 | 0 |
_aObras completas / _cGregorio Marañón ; recopilación de textos y notas por Alfredo Juderías ; introducción por Pedro Laín Entralgo. |
| 260 |
_aMadrid : _bEspasa-Calpe, _c1966-1977. |
||
| 300 |
_a10 v. : _bretr. ; _c26 cm. |
||
| 505 | 8 | _aContiene: 1. Prólogos - 2. Discursos - 3. Conferencias - 4. Artículos y otros trabajos - 5-7. Biografías - 8-9. Ensayos - 10. Idearium | |
| 700 | 1 |
_aJuderías, Alfredo, _d1910-1991 _967184 |
|
| 700 | 1 |
_aLaín Entralgo, Pedro, _d1908-2001 _969681 |
|
| 852 | 4 |
_aES-MaACL _jP-562-Ter |
|
| 999 |
_c97187 _d97187 |
||